000 01035nam a22003137a 4500
999 _c17328
_d17328
001 12909123
003 OSt
005 20190208162039.0
008 020828s2002 nyua 000 m eng d
010 _a 2002512115
020 _a0609809199
035 _a(OCoLC)ocm50200815
040 _aSEKU
042 _alccopycat
043 _an-us---
050 0 0 _aPN 6165
_b.F86 2002
082 0 0 _a817/.5408
_221
245 0 0 _aFunny times presents the best of the best American humor :
_bthe funniest cartoons, columns, and essays from The Funny times newspaper /
_cedited by Raymond Lesser and Susan Wolpert.
246 3 0 _aBest of the best American humor
260 _aNew York :
_bThree Rivers Press,
_cc2002.
300 _a190 p. :
_bill.
650 0 _aAmerican wit and humor.
650 0 _aAmerican wit and humor, Pictorial.
700 1 _aLesser, Raymond.
700 1 _aWolpert, Susan.
730 0 _aFunny times.
942 _2lcc
_cGEN